000 00639nam a22002177a 4500
005 20170124110104.0
010 _a464705
020 _c00.00
035 _a464705
037 _bCen Lib/Ret
040 _aDPL
_bEN
082 _a921
_bSAL
100 _aSalinger, Pierre
_927703
245 _aWith Kennedy /
_cby Pierre Salinger
260 _aLondon
_bJonathan Cape
_c1967
270 _aThirty Bedford Square
_bLondon
300 _axv,391p.
_c20cm(Hb)
650 _aKennedy, John F. -- (John Fitzgerald), -- 1917-1963
_927704
650 _aUnited States -- History -- 1961-1969
_927705
942 _2ddc
_cEN
_h921
_mSAL
999 _c129893
_d129893